Viktor Hulík : Ústav makromolekulární chemie ČSAV Praha [21.IX.-8.X.1987]

Hlavní autor: Hulík, Viktor, 1949-
Korporativní autor: Ústav makromolekulární chemie (Československá akademie věd)
Další autoři: Valoch, Jiří, 1946-
Jazyk: Čeština
Vydáno: [Praha : Ústav makromolekulární chemie ČSAV, 1987]
Témata:
Fyzický popis: [12] s. : čb. obr. + příl. text
Knihy
Uloženo v:
LEADER 01180nam a22002892a 4500
001 001914638
003 CZ BrMZK
005 20241105123811.0
007 ta
008 241105s1987 xr a er|||||||||||cze d
040 |a ABE310  |b cze 
080 |a 7.071.1(437.6)"1949/-"Hulík,V. 
100 1 |a Hulík, Viktor,  |d 1949-  |7 mzk2005279291  |4 art 
245 1 0 |a Viktor Hulík :  |b Ústav makromolekulární chemie ČSAV Praha [21.IX.-8.X.1987] 
260 |a [Praha :  |b Ústav makromolekulární chemie ČSAV,  |c 1987] 
300 |a [12] s. :  |b čb. obr. +  |e příl. text 
500 |a Životopisná data, přehled výstav a zastoupení ve sbírkách 
600 1 7 |a Hulík, Viktor,  |d 1949-  |7 mzk2005279291  |2 czenas 
650 7 |a obrazy  |7 ph123609  |y 1986-1987  |2 czenas 
650 7 |a slovenské výtvarné umění  |7 ph125680  |2 czenas 
655 7 |a katalogy výstav  |7 fd132536  |2 czenas 
700 1 |a Valoch, Jiří,  |d 1946-  |7 jn19992010336  |4 aut 
710 2 |a Ústav makromolekulární chemie (Československá akademie věd)  |7 ko2003165318 
910 |a BOA001  |b X2-1533.949 
990 |a BK 
991 |b 202410 
996 6 |b 2610984500  |c X2-1533.949  |l MZK  |r Sklad / do 24 hodin  |n 0  |p dar  |w 001983593  |u 000010  |a 1  |e BOA001  |j MZK50  |s P